000 00794nam a2200229 a 4500
001 85357
003 BD-RjUL
005 20250729135555.0
008 250729s2025 bg ||||| |||| 00| 0 ben d
020 _a9789849831846
035 _a(BD-RjUL)85357
040 _aBD-RjUL
_beng
_cBD-RjUL
041 _aben
082 _223
_a302.23
_bUDS 2025
100 _aউদ্দিন, মোঃ কামাল
_916326
245 _a সাংবাদিক ও সংবাদপত্রের কথা /
_cমোঃ কামাল উদ্দিন
260 _aচট্টগ্রাম :
_bআবির প্রকাশন,
_c২০২৫
300 _a৫৬০ পৃ.;
_c২২ সেমি.
650 _aগণমাধ্যম
_910760
650 _aMass media
942 _2ddc
_cBK
999 _c85357
_d85357